Normal view
MARC view
Entry Personal Name
001 - CONTROL NUMBER
- control field: 722682
003 - CONTROL NUMBER IDENTIFIER
- control field: OSt
005 - DATE AND TIME OF LATEST TRANSACTION
- control field: 20240905153100.0
008 - FIXED-LENGTH DATA ELEMENTS
- fixed length control field: 240905|| aca||aabn | a|a d
040 ## - CATALOGING SOURCE
- Original cataloging agency: OSt
- Transcribing agency: OSt
100 ## - HEADING--PERSONAL NAME
- Personal name: Dunn, Michael J. Ed
670 ## - SOURCE DATA FOUND
- Source citation: Work cat.: (OSt)796273: Dunn, Michael J. Ed,, Encyclopedia of genetics, genomics, proteomics and bioinformatics., 2005.
